00341pab a2200121 454500008004000000100003000040245007900070260000900149300001200158362001200170650001900182773001800201180718b1999 xxu||||| |||| 00| 0 eng d aStephanon, Constantine A. aEuropean union in a changing world: stability pact for Southeastern Europe c1999 ap.52-59 aOct-Dec aEuropean union aWorld Affairs